[Event "AUTO-ELITE-2506"]
[Site "http://www.queenalice.com/game.php?id=1855167"]
[Date "2025.4.6"]
[Round "2"]
[White "gizmokaka"]
[Black "acid"]
[Result "1/2-1/2"]
[WhiteElo "2779"]
[BlackElo "2717"]

1. Nf3 c5 2. c4 Nf6 3. Nc3 Nc6 4. g3 d5 5. d4 cxd4 6. Nxd4 dxc4 7. Nxc6 Qxd1+ 8.
Nxd1 bxc6 9. Bg2 Nd5 10. Ne3 e6 11. Nxc4 Ba6 12. Na5 Rc8 13. Bd2 c5 14. Rc1 Be7
15. Bf1 c4 16. e4 Nb6 17. b3 Ba3 18. Rc2 cxb3 19. Rxc8+ Bxc8 20. axb3 O-O 21.
Bb5 f5 22. exf5 exf5 23. O-O Bd7 24. Ba6 Bc8 25. Bc4+ Nxc4 26. bxc4 Be6 27. Be3
Ra8 28. Rb1 Be7 29. Nc6 Bf6 30. Nxa7 Bxc4 31. Rc1 Bd3 32. f3 Re8 33. Rc8 Rxc8
34. Nxc8 Kf7 1/2-1/2

[Event "AUTO-ELITE-2506"]
[Site "http://www.queenalice.com/game.php?id=1855168"]
[Date "2025.4.6"]
[Round "2"]
[White "acid"]
[Black "gizmokaka"]
[Result "1/2-1/2"]
[WhiteElo "2718"]
[BlackElo "2778"]

1. e4 e5 2. Nf3 Nc6 3. Bb5 a6 4. Ba4 Nf6 5. O-O Be7 6. Re1 b5 7. Bb3 O-O 8. c3
d6 9. h3 Bb7 10. d4 Re8 11. Nbd2 Bf8 12. a3 h6 13. Bc2 Nb8 14. b4 Nbd7 15. Bb2
Rc8 16. Rc1 Nb6 17. Bb1 d5 18. exd5 exd4 19. Rxe8 Qxe8 20. c4 bxc4 21. Bxd4 c3
22. Rxc3 Nbxd5 23. Rc4 Qe6 24. Ba2 Nf4 25. Be3 Ng6 26. Bb3 Bd5 27. Rc1 Ne5 28.
Nd4 Qe8 29. Nf5 c5 30. bxc5 Nd3 31. Rc2 Qd7 32. Nd6 Rc7 33. Qb1 Nxc5 34. Bxd5
Nxd5 35. Bxc5 Bxd6 36. Bxd6 Qxd6 37. a4 Rxc2 38. Qxc2 1/2-1/2